00914nam a2200253Ia 4500003000400000005001700004008004100021020001800062040000700080041000800087082002200095100003800117245011000155250000600265260003800271300002400309365001300333440000700346650003000353906011500383942001200498999001900510952013100529OSt20230328101642.0210423s2008 xx 000 0 und d a9788181284747 cAL aeng a541.37 223bBOCM aBOCKRIS (John O M);others.978656 aModern electrochemistry V 2B Ed 2bElectrodics in chemistry engineering biology and environmental science a2 aNew DelhibSpringer Pvt Ltdc2008 axxiii,1540-2052bPB b895cINR v2B aPhysical Chemistry978657 a2B. ; biology ; chemistry ; electrochemistry: ; Electrodics ; engineering ; environmental ; Modern ; science.V 2ddccBK c154270d154270 001040708ACaSACPGbSACPGd2009-10-01eCurrent booksg895.00l0o541.37 BOCMpPG000737r2022-08-24 00:00:00w2021-04-26yBK